All GTA Online Characters - Statistics

General Stats
  • This quiz has been taken 107 times
  • The average score is 21 of 40
Answer Stats
Picture Answer % Correct
Franklin
99%
Lester
97%
Lamar
91%
Dr. Dre
87%
P
87%
Ron
86%
Chop
82%
Simeon
80%
Pavel
78%
Martin Madrazo
73%
Agent 14
72%
Tony
66%
El Rubio
65%
Paige Harris
65%
Maude
62%
Vincent
62%
Dax
61%
English Dave
61%
Imani
58%
Lazlow
57%
Assistant
56%
Mutt
47%
Avon Hertz
43%
Captain
43%
Sessanta
42%
Tom Connors
38%
KDJ
37%
Yusuf Amir
37%
Labrat
35%
Agent ULP
33%
Solomun
30%
Jamal Amir
28%
Johnny Guns
28%
The Black Madonna
28%
Vernon
24%
Luchadora
22%
Tale Of Us
22%
Dixon
19%
Jodi Marshall
18%
Jenette
16%
No matching quizzes found
Score Distribution
Percent of People with Each Score
Percentile by Number Answered
Your Score History
You have not taken this quiz